00000000nam 2200000za 4500
0019.846988
003CaOODSP
00520221107153333
007cr |||||||||||
008171110s1992    onca   #o    f000 0 fre d
040 |aCaOODSP|bfre
043 |an-cn---
0861 |aNH18-1/198-1992F-PDF
24500|aRégulation des eaux pluviales destiné à prévenir l'inondation des sous-sols |h[ressource électronique] : |brapport / |crédigé à l'intention de Division de la recherche, Société canadienne d'hypothèques et de logement ; par CH2M Hill Engineering Limited.
260 |aOttawa : |bLa Division, |c1992.
300 |avi, 84 p. : |bill.
500 |aPubl. aussi en anglais sous le titre : Stormwater control to prevent basement flooding.
500 |aTitre de la couv.
500 |a« Mars 1992. »
504 |aComprend des références bibliographiques.
69207|2gccst|aInondation
69207|2gccst|aDrainage
69207|2gccst|aLogement
7102 |aSociété canadienne d'hypothèques et de logement. |bDivision de la recherche.
7102 |aCH2M Hill Engineering Ltd.
7102 |aSociété canadienne d'hypothèques et de logement.
77508|tStormwater control to prevent basement flooding |w(CaOODSP)9.569490
85640|qPDF|s2.69 Mo|uhttps://publications.gc.ca/collections/collection_2017/schl-cmhc/NH18-1-198-1992-fra.pdf